00218pam a2200097 a 4500020000500000041000800005100002000013245005000033260002700083300001000110 c aeng aJohnsam Samual. aLices Of The English PeterhTextual Documents a[s.l]:bJ.m Dent& Sons a392p.